000 01241nam a2200325 a 4500
001 000113830
003 CHAP
005 20220329144414.0
008 170928s2017 mx a fsm |||||||spa d
010 _a110291
011 _a111263
040 _cCHAP
090 _aTesis
100 1 _aRodríguez Peralta, Dulce María
_9133530
245 1 0 _aAnálisis de la red de valor y de innovación de la agroindustria de quesillo de Reyes, Etla, Oaxaca como una estrategia de fortalecimiento de la cadena /
_h[En línea]
_cpor Dulce María Rodríguez Peralta.
260 _aChapingo, Méx. :
_bEl autor,
_c2017.
500 _aPara ver el contenido del material haga clic en la liga
502 _aTesis (Ing. Agroindustrial) -- UACH. Departamento de Ingeniería Agroindustrial
590 _aE8697GMM
_b05
_c20170928
_lUCH01
_h1343
590 _aE8697GMM
_b05
_c20170928
_lUCH01
_h1406
650 1 4 _aQueso
_xCalidad.
_993225
650 1 4 _aQueso
_xCostos de producción.
_993228
650 1 4 _aQueso
_xInnovaciones tecnológicas.
_9132134
650 1 4 _aQueso
_xProcesado.
_993233
650 4 _aQueso
_xMercadeo
_993230
856 _aFinding aid
_uhttp://10.13.5.2/tesis/sist113830.pdf
_zTeclea aquí
901 _aBK
942 _cTESIS
942 _n0
999 _c110291
_d110291